000 00238nam a2200097Ia 4500
008 190216s9999||||xx |||||||||||||| ||und||
100 _aStarling Sg
245 0 _aMechanical Properties Of Matter
260 _bMagmillan &co Ltd
942 _cBK
999 _c32665
_d32665